Physics for scientists and engineers with modern physics / (Record no. 17548)

MARC details
000 -LEADER
fixed length control field 01075nam a22003258a 4500
001 - CONTROL NUMBER
control field 016199418
003 - CONTROL NUMBER IDENTIFIER
control field OSt
005 - DATE AND TIME OF LATEST TRANSACTION
control field 20240818092945.0
008 - FIXED-LENGTH DATA ELEMENTS--GENERAL INFORMATION
fixed length control field 121025t2014 at a fr 001 0 eng d
020 ## - INTERNATIONAL STANDARD BOOK NUMBER
International Standard Book Number 1133953999 (paperback)
020 ## - INTERNATIONAL STANDARD BOOK NUMBER
International Standard Book Number 9781133953999 (paperback)
040 ## - CATALOGING SOURCE
Original cataloging agency EG-ScBUE
082 00 - DEWEY DECIMAL CLASSIFICATION NUMBER
Classification number 530
Edition number 23
Item number SER
100 1# - MAIN ENTRY--PERSONAL NAME
Personal name Serway, Raymond A.
9 (RLIN) 4341
245 10 - TITLE STATEMENT
Title Physics for scientists and engineers with modern physics /
Statement of responsibility, etc Raymond A. Serway, John W. Jewett.
250 ## - EDITION STATEMENT
Edition statement 9th ed.,
Remainder of edition statement international ed.
260 ## -
-- [Canberra] :
-- Brooks / Cole,
-- Cengage Learning,
-- c.2014.
300 ## - PHYSICAL DESCRIPTION
Extent [Various pagings] :
Other physical details ill. (col.) ;
Dimensions 25 cm.
336 ## - CONTENT TYPE
Source rdacontent
Content type term text
Content type code txt
337 ## - MEDIA TYPE
Media type term unmediated
Source rdamedia
Media type code n
338 ## - CARRIER TYPE
Carrier type term volume
Carrier type code nc
Source rdacarrier
500 ## - GENERAL NOTE
General note Previous ed. : 2010.
500 ## - GENERAL NOTE
General note Includes index.
500 ## - GENERAL NOTE
General note Includes appendixes.
650 #0 - SUBJECT ADDED ENTRY--TOPICAL TERM
Topical term or geographic name as entry element Physics
9 (RLIN) 4340
Source of heading or term BUEsh
651 ## - SUBJECT ADDED ENTRY--GEOGRAPHIC NAME
Source of heading or term BUEsh
653 ## - INDEX TERM--UNCONTROLLED
Resource For college Engineering, Electrical
Arrived date list September2013
-- December2014
700 1# - ADDED ENTRY--PERSONAL NAME
Personal name Jewett, John William,
Dates associated with a name 1928-
9 (RLIN) 33738
942 ## - ADDED ENTRY ELEMENTS (KOHA)
Source of classification or shelving scheme Dewey Decimal Classification
Koha item type Book - Borrowing
Call number prefix 530 SER
Classification part RDA-MOD
Holdings
Withdrawn status Lost status Source of classification or shelving scheme Materials specified (bound volume or other part) Damaged status Not for loan Collection code Home library Current library Shelving location Date acquired Source of acquisition Total Checkouts Full call number Barcode Date last seen Price effective from Koha item type Total Renewals Checked out Date checked out Cost, replacement price Cost, normal purchase price
  Lost Dewey Decimal Classification Lost In Inventory_2017-8-25     Baccah Central Library Central Library First floor 25/09/2013     530 SER 000028919 23/08/2016 25/09/2013 NB - Book (Non borrowing)          
    Dewey Decimal Classification       Baccah Central Library Central Library First floor 25/09/2013   25 530 SER 000028920 22/01/2026 25/09/2013 Book - Borrowing 167 14/05/2026 22/01/2026    
  Lost Dewey Decimal Classification Lost_In_Inventory_12-2-2024     Baccah Central Library Central Library First floor 25/09/2013   23 530 SER 000028921 24/08/2022 25/09/2013 Book - Borrowing 117   09/12/2020    
    Dewey Decimal Classification       Baccah Central Library Central Library First floor 25/09/2013   4 530 SER 000028922 25/09/2014 25/09/2013 Book - Borrowing 41 22/10/2015 25/09/2014    
  Lost and Paid For Dewey Decimal Classification       Baccah Central Library Central Library First floor 25/09/2013   21 530 SER 000028923 25/09/2018 25/09/2013 Book - Borrowing 68   25/09/2018 2715.00  
    Dewey Decimal Classification       Baccah Central Library Central Library First floor 16/12/2014   17 530 SER 000037195 20/10/2019 16/12/2014 Book - Borrowing 98 15/04/2021 20/10/2019 325.00 260.00
    Dewey Decimal Classification       Baccah Central Library Central Library First floor 16/12/2014   20 530 SER 000037196 15/11/2025   Book - Borrowing 120   12/10/2025 325.00 260.00
    Dewey Decimal Classification       Baccah Central Library Central Library First floor 16/12/2014   17 530 SER 000037197 15/07/2025 16/12/2014 Book - Borrowing 161   23/09/2023 325.00 260.00
    Dewey Decimal Classification       Baccah Central Library Central Library First floor 16/12/2014   13 530 SER 000037198 15/07/2025   NB - Book (Non borrowing) 52   26/09/2017 325.00 260.00
    Dewey Decimal Classification       Baccah Central Library Central Library First floor 16/12/2014   18 530 SER 000037199 15/07/2025 16/12/2014 Book - Borrowing 101   27/09/2020 325.00 260.00